দক্ষিণ-পূর্ব এশিয়ার মুসলমানদের ইতিহাস = History of the Muslims of South-East Asia / (Record no. 39214)
[ view plain ]
| 000 -LEADER | |
|---|---|
| fixed length control field | 01152nam a2200253 a 4500 |
| 001 - CONTROL NUMBER | |
| control field | 39214 |
| 003 - CONTROL NUMBER IDENTIFIER | |
| rucl marc code | BD-RjUL |
| 005 - DATE AND TIME OF LATEST TRANSACTION | |
| control field | 20211209052937.0 |
| 008 - FIXED-LENGTH DATA ELEMENTS--GENERAL INFORMATION | |
| fixed length control field | 160407s2015 bg |||| |b|| 00| 0 bbend |
| 020 ## - INTERNATIONAL STANDARD BOOK NUMBER | |
| International Standard Book Number | 9789833852 |
| Terms of availability | : Tk.380.00 |
| 035 ## - SYSTEM CONTROL NUMBER | |
| System control number | (BD-RjUL)39326 |
| 040 ## - CATALOGING SOURCE | |
| Original cataloging agency | BD-RjUL |
| Language of cataloging | ben |
| Transcribing agency | BD-RjUL |
| 041 ## - LANGUAGE CODE | |
| Language code of text/sound track or separate title | ben |
| 082 ## - DEWEY DECIMAL CLASSIFICATION NUMBER | |
| Edition number | 23 |
| Classification number | 954 |
| Author mark and year | AKD 2015 |
| 100 ## - MAIN ENTRY--PERSONAL NAME | |
| Personal name | আখন্দ, মাহফুজুর রহমান |
| 9 (RLIN) | 120930 |
| 245 ## - TITLE STATEMENT | |
| Title | দক্ষিণ-পূর্ব এশিয়ার মুসলমানদের ইতিহাস = History of the Muslims of South-East Asia / |
| Statement of responsibility, etc. | মাহফুজুর রহমান আখন্দ ও আবু নোমান |
| 260 ## - PUBLICATION, DISTRIBUTION, ETC. (IMPRINT) | |
| Place of publication, distribution, etc. | ঢাকা : |
| Name of publisher, distributor, etc. | এম. আব্দুল্লাহ এন্ড সন্স, |
| Date of publication, distribution, etc. | ২০১৫. |
| 300 ## - PHYSICAL DESCRIPTION | |
| Pagination | xx, ৪৪৮ পৃ.; |
| Size | ২১ সেমি. |
| 504 ## - BIBLIOGRAPHY, ETC. NOTE | |
| Bibliography, etc | গ্রন্থপঞ্জী সংযুক্ত । |
| 650 ## - SUBJECT ADDED ENTRY--TOPICAL TERM | |
| Topical term or geographic name as entry element | দক্ষিণ-পূর্ব এশিয়া |
| 9 (RLIN) | 118047 |
| General subdivision | ইতিহাস |
| Topical term or geographic name as entry element | South-East Asia |
| 9 (RLIN) | 120931 |
| General subdivision | History |
| 700 ## - ADDED ENTRY--PERSONAL NAME | |
| Personal name | নোমান, আবু |
| 942 ## - ADDED ENTRY ELEMENTS (KOHA) | |
| Source of classification or shelving scheme | Dewey Decimal Classification |
| Koha item type | Books |
| Lost status | Source of classification or shelving scheme | Damaged status | Not for loan | Collection code | Permanent Location | Current Location | Shelving location | Date acquired | Source of acquisition | Cost, normal purchase price | Total Checkouts | Full call number | Date last seen | Copy number | Koha item type | Total Renewals | Date checked out |
|---|---|---|---|---|---|---|---|---|---|---|---|---|---|---|---|---|---|
| Dewey Decimal Classification | Not For Loan | Non-fiction | Central Library, University of Rajshahi | Central Library, University of Rajshahi | Reading Room | 19/10/2015 | Rajshahi Mahfuzur Rahm Akanda | 380.00 | B 954 AKD 2015 | 05/04/2016 | C-1 | Books | |||||
| Dewey Decimal Classification | Non-fiction | Central Library, University of Rajshahi | Central Library, University of Rajshahi | 19/10/2015 | Rajshahi : Mahfuzur Rahm Akanda | 380.00 | 28 | B 954 AKD 2015 | 19/06/2025 | C-2 | Books | 1 | 15/05/2025 | ||||
| Dewey Decimal Classification | Non-fiction | Central Library, University of Rajshahi | Central Library, University of Rajshahi | 19/10/2015 | Rajshahi : Mahfuzur Rahm Akanda | 380.00 | 24 | B 954 AKD 2015 | 29/10/2025 | C-3 | Books | 12/10/2025 | |||||
| Dewey Decimal Classification | Non-fiction | Central Library, University of Rajshahi | Central Library, University of Rajshahi | 19/10/2015 | Rajshahi : Mahfuzur Rahm Akanda | 380.00 | 17 | B 954 AKD 2015 | 17/07/2025 | C-4 | Books | 16/06/2025 | |||||
| Dewey Decimal Classification | Non-fiction | Central Library, University of Rajshahi | Central Library, University of Rajshahi | 19/10/2015 | Rajshahi : Mahfuzur Rahm Akanda | 380.00 | 28 | B 954 AKD 2015 | 24/11/2025 | C-5 | Books | 09/11/2025 |